000 00260 a2200133 4500
001 59097
020 _a
040 _cAnchieta - Pituba
240 1 0 _aRetrato do Brasil
_lpor
245 1 0 _aRetrato do Brasil
300 _a535
650 4 _aBrasil
942 _cBK
999 _c59097
_d59097